00936 2200301 4500001002100000005001500021035002000036007000300056008004100059020002200100082001500122084001700137100002400154245009200178250004600270300004400316650003100360504003000391264003900421336002100460337003000481338002300511040002200534090002200556850001200578999002200590990002200612INLIS00000000087056520220606013211 a0010-0622000155ta220606s2021 yoia g ind d a978-623-7845-24-904223a651.84 a651.84 ALG p0 aAlgifariePengarang10aPengelolaan data panel untuk penelitian bisnis dan ekonomi dengan Eviews 11 /cAlgifari aEdisi pertama, Cetakan pertama, Juli 2021 aviii, 152 halaman :bIlustrasi ;c24 cm 4aPengolahan data elektronis aBibliografi : halaman 15131aYogyakarta :bUPP STIM YKPN,c2021 2rdacontentateks 2rdamediaatanpa perantara 2rdacarrieravolume aYOPDYOGbinderda aCB-D.11 2021-3085 aYOPDYOG aCB-D.11/2021-3085 aCB-D.11/2021-3085